banner

Interpretación de las arritmias a la cabecera del paciente / (Registro nro. 330)

000 -LEADER
fixed length control field 01072nam a22002297a 4500
003 - CONTROL NUMBER IDENTIFIER
control field AR-BaISA
005 - DATE AND TIME OF LATEST TRANSACTION
control field 20190219105601.0
007 - PHYSICAL DESCRIPTION FIXED FIELD--GENERAL INFORMATION
fixed length control field ta
008 - FIXED-LENGTH DATA ELEMENTS--GENERAL INFORMATION
fixed length control field 180514s2014 ag ad||| |||| 00| 0 spa d
020 ## - INTERNATIONAL STANDARD BOOK NUMBER
International Standard Book Number 9789875702295
040 ## - CATALOGING SOURCE
Transcribing agency AR-BaISA
082 04 - DEWEY DECIMAL CLASSIFICATION NUMBER
Edition number 22
Classification number 616.075 47 B278
100 10 - MAIN ENTRY--PERSONAL NAME
9 (RLIN) 814
Personal name Barrios, Rufino Leandro
Relator term aut.
245 10 - TITLE STATEMENT
Title Interpretación de las arritmias a la cabecera del paciente /
Statement of responsibility, etc. Rufino Leandro Barrios y Pablo Manieri
260 ## - PUBLICATION, DISTRIBUTION, ETC.
Place of publication, distribution, etc. Buenos Aires:
Name of publisher, distributor, etc. Akadia,
Date of publication, distribution, etc. 2014
300 ## - PHYSICAL DESCRIPTION
Extent XIV, 129 p.:
Other physical details il, graf.
Accompanying material + CD
504 ## - BIBLIOGRAPHY, ETC. NOTE
Bibliography, etc. note Bibliografía p: [127]
505 ## - FORMATTED CONTENTS NOTE
Title El electrocardiograma. Conceptos generales --
-- Monitoreo electrocardiográfico a la cabecera del paciente --
-- Arritmias cardíacas. Generalidades --
-- Arritmias ventriculares --
-- Bloqueos cardíacos --
-- Fisiología cardiovascular en las arritmias --
-- Tratamiento eléctrico de las arritmias --
-- Algoritmos de tratamientos de las arritmias mortales según consenso internacional
650 14 - SUBJECT ADDED ENTRY--TOPICAL TERM
9 (RLIN) 815
Topical term or geographic name entry element Electrocardiografía
700 1# - ADDED ENTRY--PERSONAL NAME
9 (RLIN) 816
Personal name Manieri, Pablo
Relator term aut.
942 ## - ADDED ENTRY ELEMENTS (KOHA)
Source of classification or shelving scheme
Koha item type Libros
Existencias
Withdrawn status Lost status Source of classification or shelving scheme Damaged status Not for loan Permanent Location Current Location Date acquired Inventory number Total Checkouts Total Renewals Full call number Barcode Date last seen Date last checked out Price effective from Koha item type
          Biblioteca ISALUD. Dr. Néstor Rodríguez Campoamor Biblioteca ISALUD. Dr. Néstor Rodríguez Campoamor 2019-02-19 2087 1 1 616.075 47 B278 2087 2024-10-10 2024-09-26 2019-02-19 Libros
          Biblioteca ISALUD. Dr. Néstor Rodríguez Campoamor Biblioteca ISALUD. Dr. Néstor Rodríguez Campoamor 2019-02-19 2088 2   616.075 47 B278 2088 2025-08-14 2025-07-28 2019-02-19 Libros